000 00303nam a22001337a 4500
008 181221b xxu||||| |||| 00| 0 eng d
020 _a788581013717
041 _aeng
080 _a004
100 _a39
101 _ashk
245 _aWeb Psych Stalkers And Prasters
_cBanks.M.A
942 _2udc
_cBK
999 _c53604
_d53604